MARC

LEADER 00000nam0a2200000 4500
001 254860
005 20231101232955.0
020 |a RU  |b 88-74989 
035 |a (RuTPU)RU\TPU\book\277361 
090 |a 254860 
100 |a 20140324d1988 k y0rusy5003 ca 
101 0 |a rus 
102 |a RU 
105 |a a z 001zy 
200 1 |a Механизмы упрочнения и свойства металлов  |e сборник научных трудов  |f Тульский политехнический институт (ТулПИ) ; под ред. С. А. Головина 
210 |a Тула  |c Изд-во ТулПИ  |d 1988 
215 |a 196 с.  |c ил. 
320 |a Библиография в конце статей 
606 1 |a Металлы  |x Кристаллохимия  |2 stltpush  |3 (RuTPU)RU\TPU\subj\43128  |9 62686 
610 1 |a физико-механические свойства 
610 1 |a упрочнение 
610 1 |a прочность 
610 1 |a неупругость 
610 1 |a высокопрочные материалы 
610 1 |a кристаллические решетки 
610 1 |a дефекты 
610 1 |a деформация 
610 1 |a закалка 
610 1 |a старение 
610 1 |a сборники 
675 |a 669:548  |v 3 
702 1 |a Головин  |b С. А.  |g Станислав Алексеевич  |4 340 
712 0 2 |a Тульский политехнический институт (ТулПИ)  |2 stltpush  |3 (RuTPU)RU\TPU\col\284 
801 0 |a RU  |b RuMRKP  |c 19950417  |g psbo 
801 1 |a RU  |b 63413507  |c 20140324 
801 2 |a RU  |b 63413507  |c 20140527  |g RCR 
942 |c BK